=LDR 00000nam 2200000 4500 =001 INLIS000000000809673 =008 ###################################ind## =035 ##$$a 0010-0825000166 =245 ##$$a Ayam Arab / $c Bambang =260 ##$$b SIC =020 ##$$a 979941542 =084 ##$$a 633 ANG a =520 ##$$a Peternakan unggas. Ayam =082 ##$$a 633